LEADER 01669nam 2200385Ia 450 001 996386898103316 005 20221108031952.0 035 $a(CKB)1000000000612322 035 $a(EEBO)2240926228 035 $a(UnM)99897779 035 $a(UnM)9928933700971 035 $a(EXLCZ)991000000000612322 100 $a19980529d1675 uy | 101 0 $aeng 135 $aurbn#|||a|bb| 200 10$aDifficiles nugæ: or, Observations touching the Torricellian experiment, and the various solutions of the same, especially touching the weight and elasticity of the air$b[electronic resource] 205 $aThe second edition, with some occasional additions. 210 $aLondon $cprinted by W. Godbid, for William Shrowsbury, at the sign of the Bible in Duck-lane$dM.DC.LXXV. [1675] 215 $a[6], 304, 48, [7] p. $cill. (some folded) 300 $aAttributed to Matthew Hale. Cf. BM. 300 $aCopy at reel 1309:10 lacks folded illus. and advertisement on p. [6]-[7] at end. 300 $aReproduction of original in Harvard University Library and Cambridge University Library. 330 $aeebo-0082 606 $aAtmospheric pressure$vEarly works to 1800 606 $aMeteorology$vEarly works to 1800 615 0$aAtmospheric pressure 615 0$aMeteorology 700 $aHale$b Matthew$f1609-1676.$0626826 801 0$bCu-RivES 801 1$bCu-RivES 801 2$bWaOLN 906 $aBOOK 912 $a996386898103316 996 $aDifficiles nugæ, or, Observations touching the Torricellian experiment, and the various solutions of the same, especially touching the weight and elasticity of the air$92325984 997 $aUNISA LEADER 04988 am 2201021 n 450 001 9910341156303321 005 20190708 010 $a979-1-03-510158-9 024 7 $a10.4000/books.psorbonne.32370 035 $a(CKB)4100000009365850 035 $a(FrMaCLE)OB-psorbonne-32370 035 $a(oapen)https://directory.doabooks.org/handle/20.500.12854/41814 035 $a(PPN)267968558 035 $a(EXLCZ)994100000009365850 100 $a20190918j|||||||| ||| 0 101 0 $afre 135 $auu||||||m|||| 181 $ctxt$2rdacontent 182 $cc$2rdamedia 183 $acr$2rdacarrier 200 13$aLe banquet de Pauline Schmitt Pantel $eGenre, m?urs et politique dans l?Antiquité grecque et romaine /$fVincent Azoulay, Florence Gherchanoc, Sophie Lalanne 210 $aParis $cÉditions de la Sorbonne$d2019 215 $a1 online resource (585 p.) 311 $a2-85944-720-2 330 $aHistorienne et enseignante du monde grec, Pauline Schmitt Pantel a incontestablement marqué plusieurs générations de chercheurs et de chercheuses, tout en s?adressant à un large public intéressé par la Grèce antique. Au fil des années, elle a contribué non seulement à renouveler des thématiques classiques en histoire politique, sociale et religieuse, mais aussi à défricher de nouveaux champs de recherche comme l?histoire des femmes et du genre. Depuis sa thèse d?État sur La Cité au banquet, qui éleva le repas commun au rang de « fait social total », jusqu?à son tout récent ouvrage sur les Hommes illustres de Plutarque, qui bouleverse bien des certitudes sur l?identité politique dans l?Athènes classique, en passant par Aithra et Pandora, où elle se penche sur la construction sociale du féminin et du masculin, l?historienne a soumis de nombreux domaines à sa volonté de savoir et d?interroger pratiques et discours grecs, en croisant sources littéraires, épigraphiques et iconographiques. Ses collègues et amis, français et étrangers, ainsi que ses étudiants ont ressenti l?envie et le besoin d?offrir un banquet d?hommages à Pauline Schmitt Pantel, qui a su faire vivre et défendre avec détermination les pratiques de sociabilité comme lieu d?échange, de collaboration, de formation et d?expérimentation du politique, aussi bien dans les cités grecques que dans l?équipe de recherche en histoire ancienne qu?elle a contribué à fonder dans les universités Paris 1 et Paris 7, Phéacie, désormais intégrée dans le centre de recherches Anhima. 517 $abanquet de Pauline Schmitt Pantel 517 $aLe banquet de Pauline Schmitt Pantel 606 $aClassics 606 $aHistory 606 $agenre 606 $ahistoire des femmes 606 $abanquet 606 $am?urs 610 $agenre 610 $ahistoire des femmes 610 $abanquet 610 $am?urs 615 4$aClassics 615 4$aHistory 615 4$agenre 615 4$ahistoire des femmes 615 4$abanquet 615 4$am?urs 700 $aAngliviel$b Laurent$01308643 701 $aAzoulay$b Vincent$0314962 701 $aBonnard$b Jean-Baptiste$0297739 701 $aBruit Zaidman$b Louise$01284569 701 $aCalame$b Claude$0144179 701 $aCuchet$b Violaine Sebillotte$01289532 701 $aDamet$b Aurélie$01310771 701 $aDelamard$b Julie$01284571 701 $aDe Polignac$b François$01308646 701 $aEllinger$b Pierre$0599024 701 $aErnoult$b Nathalie$01284572 701 $aEstienne$b Sylvia$01238962 701 $aFrontisi-Ducroux$b Françoise$0408306 701 $aGherchanoc$b Florence$0328073 701 $aHoubre$b Gabrielle$01325625 701 $aHuet$b Valérie$0553782 701 $aIsmard$b Paulin$01246655 701 $aLalanne$b Sophie$0599951 701 $aLebdiri$b Davilla$01331877 701 $aLeduc$b Claudine$0185875 701 $aLegras$b Bernard$0308684 701 $aLissarrague$b François$0386375 701 $aMossé$b Claude$0383968 701 $aMurray$b Oswyn$0154087 701 $aNadeau$b Robin$0473863 701 $aParadiso$b Annalisa$0487151 701 $aPayen$b Pascal$0451546 701 $aPerrot$b Michelle$0140546 701 $aPetre$b Zoe$084454 701 $aPivoteau Deschodt$b Gaëlle$01331878 701 $aPowell$b Anton$0241882 701 $aRodriguez$b Audy$01331879 701 $aSaint-Pierre Hoffmann$b Catherine$01331880 701 $aScheid-Tissinier$b Évelyne$01284747 701 $aSchnapp$b Alain$0166934 701 $aWagner-Hasel$b Beate$0256338 701 $aWilgaux$b Jérôme$01283344 701 $aAzoulay$b Vincent$0314962 701 $aGherchanoc$b Florence$0328073 701 $aLalanne$b Sophie$0599951 801 0$bFR-FrMaCLE 906 $aBOOK 912 $a9910341156303321 996 $aLe banquet de Pauline Schmitt Pantel$93040613 997 $aUNINA LEADER 01825nam0 2200409 i 450 001 CFI0129873 005 20251003044124.0 010 $a8814016216 020 $aIT$b90-7489 100 $a20130827d1988 ||||0itac50 ba 101 | $aita 102 $ait 181 1$6z01$ai $bxxxe 182 1$6z01$an 200 1 $aˆLa ‰filiale comune internazionale$econtributo allo studio della cooperazione internazionale fra imprese$fPiero Pennetta 210 $aMilano$cA. Giuffrè$d1988 215 $aXI, 274 p.$d24 cm. 225 | $aQuaderni di Giurisprudenza commerciale$v98 410 0$1001CFI0005764$12001 $aQuaderni di Giurisprudenza commerciale$v98 606 $aJoint ventures$xDiritto internazionale privato$2FIR$3CFIC052251$9I 676 $a340.9$9Conflitto di leggi. (Classificare qui il Diritto internazionale privato).$v12 676 $a340.9$9CONFLITTO DI LEGGI$v19 676 $a341.753$9DIRITTO INTERNAZIONALE DELL'ECONOMIA. ORGANIZZAZIONE E GESTIONE DEGLI AFFARI$v21 696 $aConflitti di legge$aDiritto privato internazionale$aConflitto di leggi$aJoint-ventures 699 $aDiritto internazionale privato$zConflitti di legge 699 $aDiritto internazionale privato$yDiritto privato internazionale 699 $aDiritto internazionale privato$zConflitto di leggi 699 $aJoint ventures$yJoint-ventures 700 1$aPennetta$b, Piero$3CFIV079471$4070$0230641 801 3$aIT$bIT-000000$c20130827 850 $aIT-BN0095 901 $bNAP 01$cD $n$ 912 $aCFI0129873 950 0$aBiblioteca Centralizzata di Ateneo$c1 v.$d 01D (AR) 8 797$e 01AR 0070087975 VMA 1 v.$fY $h20151123$i20151123 977 $a 01 996 $aFiliale comune internazionale$962356 997 $aUNISANNIO